000
00312 a2200109 4500
001
ART_12964
005
20260410161734.0
008
260409a
245
1
0
_a
La Argentina que despierta
100
1
_a
Di Tella, Guido
773
0
_t
Ejecutivos de finanzas
_g
- Año 8, Nº 76 (jun. 1991)
_w
REV2863
999
_c
18152
_d
18152